书目信息 |
| 题名: |
蛋白质技术在病毒学研究中的应用
|
|
| 作者: | 王晓佳 编著 | |
| 分册: | ||
| 出版信息: | 北京 中国科学技术出版社 2015.8 |
|
| 页数: | 180页 | |
| 开本: | 26cm | |
| 丛书名: | ||
| 单 册: | ||
| 中图分类: | Q510.3 , Q939.4 | |
| 科图分类: | ||
| 主题词: | 蛋白质--生物化学--技术--应用--病毒学--研究 | |
| 电子资源: | ||
| ISBN: | 978-7-5046-6750-2 | |
| 000 | 00938nam0 2200241 450 | |
| 001 | 0400003259 | |
| 005 | 20171022080608.0 | |
| 010 | @a978-7-5046-6750-2@dCNY60.00 | |
| 100 | @a20151126e2015 em y0chiy0110 ea | |
| 101 | 0 | @achi |
| 102 | @aCN@b110000 | |
| 105 | @aa z 001yy | |
| 106 | @ar | |
| 200 | 1 | @a蛋白质技术在病毒学研究中的应用@9dan bai zhi ji shu zai bing du xue yan jiu zhong de ying yong@f王晓佳编著 |
| 210 | @a北京@c中国科学技术出版社@d2015.8 | |
| 215 | @a180页@c图@d26cm | |
| 330 | @a本书基于对蛋白质技术相关理论前沿的阐释,辅以实例,总结了病毒学领域的研究内容与第一进展,并对未来学科建设提出建议。作者通过将蛋白质学理论技术与病毒学领域发展进行学科交叉整合,为学科理论与研究策略的完善贡献绵薄之力。 | |
| 606 | 0 | @a蛋白质@x生物化学@x技术@x应用@x病毒学@x研究 |
| 690 | @aQ510.3@v5 | |
| 690 | @aQ939.4@v5 | |
| 701 | 0 | @a王晓佳@9wang xiao jia@4编著 |
| 801 | 0 | @aCN@b91MARC@c20171022 |
| 905 | @b1022545-9@dQ510.3@f5@e230 | |
| 蛋白质技术在病毒学研究中的应用/王晓佳编著.-北京:中国科学技术出版社,2015.8 |
| 180页:图;26cm |
| ISBN 978-7-5046-6750-2:CNY60.00 |
| 本书基于对蛋白质技术相关理论前沿的阐释,辅以实例,总结了病毒学领域的研究内容与第一进展,并对未来学科建设提出建议。作者通过将蛋白质学理论技术与病毒学领域发展进行学科交叉整合,为学科理论与研究策略的完善贡献绵薄之力。 |
| ● |
| 相关链接 |
|
|
|
|
正题名:蛋白质技术在病毒学研究中的应用
索取号:Q510.3/230
 
预约/预借
| 序号 | 登录号 | 条形码 | 馆藏地/架位号 | 状态 | 备注 |
| 1 | 1022545 | 210225451 | 第二样本阅览室/ [索取号:Q510.3/230] | 在馆 | |
| 2 | 1022546 | 210225460 | 第三借阅区/ [索取号:Q510.3/230] | 在馆 | |
| 3 | 1022547 | 210225479 | 第三借阅区/ [索取号:Q510.3/230] | 在馆 | |
| 4 | 1022548 | 210225488 | 第三借阅区/ [索取号:Q510.3/230] | 在馆 | |
| 5 | 1022549 | 210225497 | 密集书库-生命科学系/ [索取号:Q510.3/230] | 在馆 |